Escudos aleatorios del fútbol español - Estadísticas

Estadísticas generales
  • Esta prueba ha sido intentada 2.588 veces
  • La puntuación promedio es 14 de 20
Estadísticas de respuestas
Imagen Respuesta % Correcto
Deportivo Alavés
95%
CA Osasuna
94%
Málaga CF
94%
Rayo Vallecano
94%
Real Sociedad
94%
FC Barcelona
93%
Getafe CF
93%
RC Celta
93%
Real Betis
93%
Real Madrid
93%
Villarreal CF
93%
Atlético de Madrid
92%
RCD Mallorca
92%
Real Valladolid CF
92%
UD Las Palmas
92%
Valencia CF
92%
FC Andorra
91%
Granada CF
91%
RC Deportivo
91%
Sevilla FC
91%
Cádiz CF
90%
Elche CF
90%
Levante UD
90%
RCD Espanyol de Barcelona
90%
SD Eibar
90%
Girona FC
89%
Real Zaragoza
89%
CD Tenerife
88%
Real Oviedo
88%
Real Racing Club
88%
Real Sporting
88%
SD Huesca
88%
CD Mirandés
87%
Albacete BP
86%
Athletic Club
86%
CD Leganés
86%
UD Almería
86%
Hércules
82%
UD Ibiza
81%
Córdoba CF
80%
Recreativo
80%
Numancia
79%
CD Lugo
78%
FC Cartagena
78%
CD Castellón
77%
Racing Club Ferrol
77%
AD Alcorcón
76%
Cultural Leonesa
76%
SD Ponferradina
76%
AD Ceuta FC
75%
Burgos CF
73%
Real Murcia CF
68%
CD Alcoyano
67%
SD Amorebieta
67%
Unionistas de Salamanca CF
67%
CD Eldense
65%
CF Intercity
64%
Gimnàstic de Tarragona
64%
Rayo Majadahonda
64%
Real Unión Club
64%
Sabadell
62%
SD Compostela
61%
CF Fuenlabrada
60%
Pontevedra CF
60%
Xerez CD
60%
CE Europa
56%
CF Extremadura
56%
Linares Deportivo
52%
Barakaldo
47%
AD Mérida
46%
Atlético Sanluqueño CF
45%
Sestao River Club
45%
Jaén
44%
Arenas Club
41%
Marbella FC
41%
UE Cornellà
41%
Antequera CF
40%
Ourense CF
40%
Gimnástica Segoviana CF
39%
UE Olot
39%
Barbastro
38%
CF Talavera de la Reina
38%
Yeclano Deportivo
38%
Zamora CF
38%
SD Tarazona
34%
Guijuelo
32%
CD Teruel
31%
CD Arenteiro
30%
CD Toledo
30%
CD Logroñés
26%
Villanovense
24%
Bergantiños CF
22%
CD Basconia
19%
Algeciras CF
18%
Atlético Arteixo
10%
No se encontraron pruebas coincidentes
Distribución de puntuación
Porcentaje de gente con cada puntuación
Porcentaje por número respondido
Historial de tus puntuaciones
No has intentado esta prueba.